[Event "Reykjavik Kvika op"]
[Site "Reykjavik"]
[Date "2022.04.10"]
[Round "6"]
[White "Mitra, Akash"]
[Black "Mahitosh, Dey"]
[Result "0-1"]
[WhiteElo "1866"]
[BlackElo "2233"]
[PlyCount "46"]
[EventDate "2022.04.06"]
[EventType "swiss"]
[EventRounds "9"]
[EventCountry "ISL"]
[SourceTitle "CBM 207 Extra"]
[Source "ChessBase"]
[SourceDate "2022.05.31"]
[SourceVersion "1"]
[SourceVersionDate "2022.05.31"]
[SourceQuality "1"]

1. e4 e5 2. Bc4 Nf6 3. d3 Nc6 4. Nf3 Bc5 5. Nc3 d6 6. Bg5 h6 7. Be3 Bb6 8. a3 0-0 9. Qe2 Nd4 10. Bxd4 exd4 11. Na4 d5 12. Nxb6 axb6 13. Bb3 c5 14. 0-0-0 Be6 15. e5 Nd7 16. Nd2 b5 17. f4 c4 18. Ba2 Qa5 19. dxc4 bxc4 20. g4 c3 21. Nb3 cxb2+ 22. Kxb2 Qxa3+ 23. Ka1 Qxa2# 0-1

[Event "Reykjavik Kvika op"]
[Site "Reykjavik"]
[Date "2022.04.08"]
[Round "4"]
[White "Mitra, Akash"]
[Black "Fantinel, Thibault"]
[Result "0-1"]
[WhiteElo "1866"]
[BlackElo "2378"]
[PlyCount "64"]
[EventDate "2022.04.06"]
[EventType "swiss"]
[EventRounds "9"]
[EventCountry "ISL"]
[SourceTitle "CBM 207 Extra"]
[Source "ChessBase"]
[SourceDate "2022.05.31"]
[SourceVersion "1"]
[SourceVersionDate "2022.05.31"]
[SourceQuality "1"]

1. e4 c5 2. Nf3 Nc6 3. Bb5 g6 4. 0-0 Bg7 5. Re1 Nf6 6. c3 0-0 7. d4 d5 8. e5 Ne4 9. Nbd2 Nxd2 10. Bxd2 Qb6 11. Bxc6 bxc6 12. Qb3 Bg4 13. Qxb6 axb6 14. dxc5 bxc5 15. Be3 Bxf3 16. gxf3 c4 17. Bc5 Rfb8 18. Re2 e6 19. a3 Rb5 20. Bd6 Ra7 21. Rc1 Bh6 22. Rcc2 Bf4 23. h4 f6 24. Kg2 Kf7 25. Kh3 h5 26. Re1 Rab7 27. Bb4 Bxe5 28. a4 R5b6 29. Ra1 Ra6 30. Ra3 Bc7 31. Rc1 Bb6 32. Bd6 Bxf2 0-1

[Event "Reykjavik Kvika op"]
[Site "Reykjavik"]
[Date "2022.04.07"]
[Round "2"]
[White "Mitra, Akash"]
[Black "Louis, Thibault"]
[Result "1/2-1/2"]
[WhiteElo "1866"]
[BlackElo "2181"]
[PlyCount "68"]
[EventDate "2022.04.06"]
[EventType "swiss"]
[EventRounds "9"]
[EventCountry "ISL"]
[SourceTitle "CBM 207 Extra"]
[Source "ChessBase"]
[SourceDate "2022.05.31"]
[SourceVersion "1"]
[SourceVersionDate "2022.05.31"]
[SourceQuality "1"]

1. d4 d5 2. Bf4 Nf6 3. e3 e6 4. Nf3 Be7 5. Bd3 c5 6. c3 Nc6 7. Nbd2 Nh5 8. Bg3 f5 9. Ne5 Nf6 10. 0-0 0-0 11. Qe2 Ne4 12. Nxe4 fxe4 13. Bc2 Bd6 14. Nxc6 bxc6 15. Bxd6 Qxd6 16. f3 exf3 17. Rxf3 Bd7 18. Raf1 g6 19. Qf2 cxd4 20. exd4 Rxf3 21. Qxf3 Rf8 22. Qxf8+ Qxf8 23. Rxf8+ Kxf8 24. Kf2 Ke7 25. Ke3 Kf6 26. Kf4 h6 27. b4 g5+ 28. Ke3 e5 29. a4 h5 30. Bd3 h4 31. Bc2 Ke6 32. Bd1 Kd6 33. Be2 Bf5 34. dxe5+ Kxe5 1/2-1/2

[Event "Reykjavik Kvika op"]
[Site "Reykjavik"]
[Date "2022.04.07"]
[Round "3"]
[White "Ptacnikova, Lenka"]
[Black "Mitra, Akash"]
[Result "0-1"]
[WhiteElo "2186"]
[BlackElo "1866"]
[PlyCount "54"]
[EventDate "2022.04.06"]
[EventType "swiss"]
[EventRounds "9"]
[EventCountry "ISL"]
[SourceTitle "CBM 207 Extra"]
[Source "ChessBase"]
[SourceDate "2022.05.31"]
[SourceVersion "1"]
[SourceVersionDate "2022.05.31"]
[SourceQuality "1"]

1. c4 Nf6 2. Nc3 g6 3. d4 Bg7 4. e4 d6 5. Be2 0-0 6. Be3 e5 7. d5 a5 8. g4 Na6 9. h4 Ne8 10. h5 f5 11. hxg6 hxg6 12. gxf5 gxf5 13. exf5 Bxf5 14. Bg4 Qf6 15. Qf3 Nc5 16. Bxf5 Qxf5 17. Qxf5 Rxf5 18. 0-0-0 Nf6 19. f3 Kf7 20. Nh3 Ke7 21. Ng5 Rg8 22. Nce4 Nfxe4 23. fxe4 Rf6 24. Rdf1 Rxf1+ 25. Rxf1 Bh6 26. Rf7+ Ke8 27. Rxc7 Bxg5 0-1

[Event "Uppsala Young Champions"]
[Site "Uppsala"]
[Date "2019.10.28"]
[Round "6"]
[White "Mitra, Akash"]
[Black "Ostlund, Joar"]
[Result "1-0"]
[WhiteElo "1936"]
[BlackElo "1955"]
[PlyCount "59"]
[EventDate "2019.10.25"]
[EventType "swiss"]
[EventRounds "9"]
[EventCountry "SWE"]
[SourceTitle "CBM 192 Extra"]
[Source "Chessbase"]
[SourceDate "2019.11.06"]
[SourceVersion "1"]
[SourceVersionDate "2019.11.06"]
[SourceQuality "1"]

1. e4 e5 2. Nf3 Nc6 3. Nc3 Nf6 4. Be2 d6 5. d4 Bg4 6. d5 Bxf3 7. Bxf3 Nd4 8. Be3 Nxf3+ 9. Qxf3 g6 10. 0-0-0 Bg7 11. Kb1 Qd7 12. h3 0-0 13. Rd3 b5 14. Bg5 Ne8 15. g4 b4 16. Ne2 a5 17. h4 c5 18. dxc6 Qxc6 19. Be7 a4 20. Bxf8 Bxf8 21. c3 bxc3 22. Nxc3 Nc7 23. h5 Ne6 24. Nd5 Nd4 25. Rxd4 exd4 26. hxg6 fxg6 27. Nf6+ Kf7 28. Rxh7+ Bg7 29. Nd5+ Ke8 30. Rxg7 1-0

[Event "Uppsala Young Champions"]
[Site "Uppsala"]
[Date "2019.10.26"]
[Round "3"]
[White "Mitra, Akash"]
[Black "Berglind, Axel"]
[Result "0-1"]
[WhiteElo "1936"]
[BlackElo "2062"]
[PlyCount "140"]
[EventDate "2019.10.25"]
[EventType "swiss"]
[EventRounds "9"]
[EventCountry "SWE"]
[SourceTitle "CBM 192 Extra"]
[Source "Chessbase"]
[SourceDate "2019.11.06"]
[SourceVersion "1"]
[SourceVersionDate "2019.11.06"]
[SourceQuality "1"]

1. d4 Nf6 2. Bf4 g6 3. Nc3 Bg7 4. e4 d6 5. Qd2 Nbd7 6. 0-0-0 c5 7. Nf3 cxd4 8. Nxd4 a6 9. Bh6 Bxh6 10. Qxh6 b5 11. Bd3 Bb7 12. Rhe1 Rc8 13. Nd5 Nxd5 14. exd5 Bxd5 15. f4 e6 16. f5 Ne5 17. fxg6 fxg6 18. Qg7 Rf8 19. Qxh7 Qf6 20. Kb1 Nxd3 21. Rxd3 Be4 22. Rdd1 Rc4 23. Qa7 Qe5 24. b3 Rc5 25. Rd2 Rf7 26. Qb8+ Kd7 27. Rde2 Qxd4 28. Rxe4 Qc3 29. R4e2 Rf2 30. Qb7+ Rc7 31. Qe4 Rxe2 32. Rxe2 Qf6 33. Re3 d5 34. Qd3 Kd6 35. a4 Ra7 36. a5 Rh7 37. Rf3 Qe5 38. h3 Rg7 39. Rg3 g5 40. Rg4 Rf7 41. Ka2 Rf2 42. Qg3 Rxc2+ 43. Ka3 Qxg3 44. Rxg3 Kc5 45. b4+ Kc4 46. Rxg5 d4 47. Re5 Rxg2 48. Rxe6 Rg3+ 49. Kb2 Rxh3 50. Rxa6 Kxb4 51. Rd6 Rh2+ 52. Kc1 Kc3 53. Rc6+ Kd3 54. Rb6 b4 55. a6 Ra2 56. Rxb4 Rxa6 57. Rb3+ Ke2 58. Rb7 Rc6+ 59. Kb1 Kd2 60. Rf7 Rb6+ 61. Ka2 d3 62. Rd7 Kc2 63. Rc7+ Kd1 64. Rd7 d2 65. Rd5 Rb4 66. Ka3 Re4 67. Kb3 Ke2 68. Kc2 Rc4+ 69. Kb3 Rc1 70. Re5+ Kf3 0-1

[Event "Gothenburg op"]
[Site "Gothenburg"]
[Date "2019.08.18"]
[Round "7"]
[White "Ask, Josef"]
[Black "Mitra, Akash"]
[Result "1/2-1/2"]
[WhiteElo "2136"]
[BlackElo "1937"]
[PlyCount "49"]
[EventDate "2019.08.16"]
[EventType "swiss"]
[EventRounds "8"]
[EventCountry "SWE"]
[SourceTitle "CBM 191 Extra"]
[Source "ChessBase"]
[SourceDate "2019.09.30"]
[SourceVersion "1"]
[SourceVersionDate "2019.09.30"]
[SourceQuality "1"]

1. Nf3 Nf6 2. g3 g6 3. Bg2 Bg7 4. 0-0 0-0 5. d3 d5 6. Nbd2 b6 7. e4 Bb7 8. e5 Nfd7 9. Re1 e6 10. Nf1 c5 11. h4 Nc6 12. Bf4 Qe7 13. N1h2 Rae8 14. Ng4 f6 15. exf6 Nxf6 16. Ng5 Nxg4 17. Qxg4 Bc8 18. c3 h6 19. Nh3 Qf6 20. Qe2 Kh7 21. Bd6 Rf7 22. Bf4 Rfe7 23. Rad1 e5 24. Be3 Qd6 25. Qf3 1/2-1/2

[Event "Gothenburg op"]
[Site "Gothenburg"]
[Date "2019.08.18"]
[Round "8"]
[White "Mitra, Akash"]
[Black "Andersson, Lars"]
[Result "1-0"]
[WhiteElo "1937"]
[BlackElo "2003"]
[PlyCount "89"]
[EventDate "2019.08.16"]
[EventType "swiss"]
[EventRounds "8"]
[EventCountry "SWE"]
[SourceTitle "CBM 191 Extra"]
[Source "ChessBase"]
[SourceDate "2019.09.30"]
[SourceVersion "1"]
[SourceVersionDate "2019.09.30"]
[SourceQuality "1"]

1. e4 c6 2. d4 d5 3. exd5 cxd5 4. Bd3 Nc6 5. c3 Qc7 6. Qb3 Nf6 7. Bg5 e6 8. Nd2 Bd6 9. Ngf3 Bd7 10. 0-0 Ng4 11. h3 h6 12. Be3 Nxe3 13. fxe3 Na5 14. Qc2 Nc4 15. Rae1 f5 16. Bxc4 dxc4 17. e4 0-0 18. exf5 exf5 19. Ne5 Bxe5 20. Rxe5 Rae8 21. Rc5 Qg3 22. Nxc4 f4 23. Qf2 Qxf2+ 24. Rxf2 Re1+ 25. Kh2 Be6 26. b3 Bxc4 27. Rxc4 Rf7 28. d5 Rd1 29. Rcxf4 Rxf4 30. Rxf4 Rxd5 31. Rf2 Rd3 32. Rc2 Kf7 33. c4 Ke6 34. Re2+ Kd6 35. Re8 Kd7 36. Rg8 g5 37. Rh8 Rd2 38. Rh7+ Kc8 39. Rxh6 Rxa2 40. Rg6 Rb2 41. Rxg5 Rxb3 42. h4 Rc3 43. h5 Rxc4 44. g3 Rc7 45. Rg8+ 1-0

[Event "Lund CellaVision Cup"]
[Site "Lund"]
[Date "2019.08.02"]
[Round "1"]
[White "Dourerassou, Jonathan"]
[Black "Mitra, Akash"]
[Result "1-0"]
[WhiteElo "2477"]
[BlackElo "1937"]
[PlyCount "81"]
[EventDate "2019.08.02"]
[EventType "swiss"]
[EventRounds "8"]
[EventCountry "SWE"]
[SourceTitle "CBM 191 Extra"]
[Source "ChessBase"]
[SourceDate "2019.09.30"]
[SourceVersion "1"]
[SourceVersionDate "2019.09.30"]
[SourceQuality "1"]

1. e4 c5 2. Nc3 e6 3. Nf3 Nc6 4. d4 cxd4 5. Nxd4 Nf6 6. Be3 Bb4 7. Nxc6 bxc6 8. Bd3 0-0 9. e5 Nd5 10. Bd2 a5 11. 0-0 d6 12. Qh5 g6 13. Qe2 dxe5 14. Qxe5 Qf6 15. Qe1 Nxc3 16. bxc3 Bd6 17. Qe4 Bb7 18. Rab1 Rab8 19. c4 Qe5 20. Qxe5 Bxe5 21. Bxa5 c5 22. Bb6 Rfc8 23. Ba7 Bc6 24. Bxb8 Bxb8 25. Rb6 Be5 26. Rfb1 Rc7 27. Ra6 Bd4 28. Kf1 e5 29. Rbb6 Bd7 30. Be4 Be6 31. Bd5 Bf5 32. Rb7 Rxb7 33. Bxb7 Bxc2 34. Ke2 e4 35. Bd5 Bd3+ 36. Ke1 Bc3+ 37. Kd1 Bd4 38. Ra8+ Kg7 39. Ra7 h5 40. Rxf7+ Kh6 41. a4 1-0

[Event "Uppsala Young Champions"]
[Site "Uppsala"]
[Date "2018.10.31"]
[Round "9"]
[White "Mitra, Akash"]
[Black "Colbow, Collin"]
[Result "0-1"]
[WhiteElo "1848"]
[BlackElo "2131"]
[PlyCount "48"]
[EventDate "2018.10.26"]
[EventType "swiss"]
[EventRounds "9"]
[EventCountry "SWE"]
[SourceTitle "CBM 187 Extra"]
[Source "ChessBase"]
[SourceDate "2018.11.04"]
[SourceVersion "1"]
[SourceVersionDate "2018.11.04"]
[SourceQuality "1"]

1. e4 c5 2. Nf3 d6 3. d4 cxd4 4. Nxd4 Nf6 5. Nc3 g6 6. Be3 Bg7 7. Bc4 0-0 8. f3 Nc6 9. Qd2 Bd7 10. 0-0-0 Rb8 11. g4 b5 12. Nxc6 Bxc6 13. Bb3 a5 14. Bh6 Bxh6 15. Qxh6 b4 16. Nd5 Bxd5 17. Bxd5 Qc7 18. h4 Rfc8 19. Rd2 Nxd5 20. exd5 b3 21. axb3 Rxb3 22. h5 Rxb2 23. Kxb2 Qc3+ 24. Ka2 Rc4 0-1

[Event "Uppsala Young Champions"]
[Site "Uppsala"]
[Date "2018.10.29"]
[Round "5"]
[White "Mitra, Akash"]
[Black "Jazdanovs, Aleksandrs"]
[Result "1/2-1/2"]
[WhiteElo "1848"]
[BlackElo "2098"]
[PlyCount "103"]
[EventDate "2018.10.26"]
[EventType "swiss"]
[EventRounds "9"]
[EventCountry "SWE"]
[SourceTitle "CBM 187 Extra"]
[Source "ChessBase"]
[SourceDate "2018.11.04"]
[SourceVersion "1"]
[SourceVersionDate "2018.11.04"]
[SourceQuality "1"]

1. e4 c5 2. Nf3 d6 3. d4 cxd4 4. Nxd4 Nf6 5. Nc3 a6 6. Bc4 e6 7. Bb3 b5 8. f3 Nbd7 9. Be3 Nc5 10. 0-0 Bb7 11. Qd2 Be7 12. a3 Nxb3 13. Nxb3 0-0 14. Rad1 Qc7 15. Bd4 Rac8 16. Qe3 Nd7 17. Qf2 Nc5 18. Qg3 e5 19. Be3 Na4 20. Nxa4 bxa4 21. Na1 Rfd8 22. Rd2 d5 23. exd5 Rxd5 24. Rxd5 Bxd5 25. Rd1 Be6 26. Qf2 Rb8 27. c3 f6 28. f4 Qb7 29. Bc1 Qe4 30. Qc2 Bc5+ 31. Kh1 Qxc2 32. Nxc2 Bb3 33. Rd2 exf4 34. Nd4 g5 35. Kg1 Rd8 36. Kf2 Kf7 37. Kf3 Bd5+ 38. Kf2 Be4 39. Kf1 Bxd4 40. Rxd4 Rxd4 41. cxd4 Ke6 42. Bd2 Kd5 43. Bc3 f5 44. Kf2 h5 45. h4 g4 46. Bd2 g3+ 47. Ke2 Bxg2 48. Bxf4 Kxd4 49. Bxg3 Ke4 50. Bc7 f4 51. Kf2 f3 52. Bd8 1/2-1/2

[Event "Uppsala Young Champions op"]
[Site "Uppsala"]
[Date "2016.11.02"]
[Round "9"]
[White "Nilsson, Joakim"]
[Black "Mitra, Akash"]
[Result "1-0"]
[WhiteElo "2059"]
[BlackElo "1515"]
[PlyCount "103"]
[EventDate "2016.10.28"]
[EventType "swiss"]
[EventRounds "9"]
[EventCountry "SWE"]
[SourceTitle "CBM 175 Extra"]
[Source "ChessBase"]
[SourceDate "2016.12.12"]
[SourceVersion "1"]
[SourceVersionDate "2016.12.12"]
[SourceQuality "1"]

1. Nf3 Nf6 2. c4 e6 3. d4 Bb4+ 4. Bd2 Bxd2+ 5. Nbxd2 d6 6. g3 Nbd7 7. Bg2 0-0 8. 0-0 Re8 9. Rc1 a5 10. c5 d5 11. Qc2 c6 12. e4 dxe4 13. Nxe4 Nxe4 14. Qxe4 Nf6 15. Qe2 b6 16. Rfd1 Nd5 17. Ne5 Bb7 18. Be4 f6 19. Nf3 b5 20. Bb1 Qe7 21. Re1 Qf7 22. Qd3 g6 23. h4 Re7 24. Nh2 Rae8 25. Ng4 Qg7 26. a3 Bc8 27. Qf3 h5 28. Ne3 Nxe3 29. Rxe3 Bb7 30. Rce1 f5 31. Qf4 Kh7 32. Ba2 Bc8 33. Qd6 Bd7 34. R1e2 Kh6 35. d5 cxd5 36. Bxd5 e5 37. c6 Bc8 38. Qc5 Ra7 39. Re1 e4 40. Qxb5 Ba6 41. Qc5 Raa8 42. b4 axb4 43. axb4 Rab8 44. Bc4 Bxc4 45. Qxc4 Rec8 46. b5 Kh7 47. Rb3 g5 48. hxg5 Qxg5 49. Kg2 Kg7 50. Qd4+ Kh6 51. c7 Rb7 52. Qd6+ 1-0

[Event "Uppsala Young Champions op"]
[Site "Uppsala"]
[Date "2016.10.31"]
[Round "5"]
[White "Carlsson, Ludvig"]
[Black "Mitra, Akash"]
[Result "1/2-1/2"]
[WhiteElo "2013"]
[BlackElo "1515"]
[PlyCount "76"]
[EventDate "2016.10.28"]
[EventType "swiss"]
[EventRounds "9"]
[EventCountry "SWE"]
[SourceTitle "CBM 175 Extra"]
[Source "ChessBase"]
[SourceDate "2016.12.12"]
[SourceVersion "1"]
[SourceVersionDate "2016.12.12"]
[SourceQuality "1"]

1. Nf3 Nf6 2. g3 Nc6 3. c4 e5 4. Nc3 Bc5 5. d3 d6 6. Bg2 h6 7. 0-0 Be6 8. Na4 Bb6 9. e4 Qd7 10. b3 Bh3 11. Re1 Bd4 12. Nxd4 Nxd4 13. Bb2 c5 14. b4 Bg4 15. f3 Bxf3 16. Bxf3 Nxf3+ 17. Qxf3 Qxa4 18. bxc5 Qb4 19. Qf2 Ng4 20. Qe2 Qxc5+ 21. d4 Qc8 22. c5 exd4 23. cxd6 0-0 24. Bxd4 Qd7 25. e5 Rfe8 26. Qf3 h5 27. h3 Nh6 28. Qxh5 Re6 29. Rac1 Qa4 30. Bf2 Rd8 31. Rc7 Qa5 32. Qh4 Rdxd6 33. exd6 Rxe1+ 34. Bxe1 Qxe1+ 35. Kg2 Qe2+ 36. Kg1 Qe1+ 37. Kg2 Qe2+ 38. Kg1 Qe1+ 1/2-1/2

[Event "Uppsala Young Champions op"]
[Site "Uppsala"]
[Date "2016.10.28"]
[Round "1"]
[White "Crevatin, Leo"]
[Black "Mitra, Akash"]
[Result "1-0"]
[WhiteElo "2030"]
[BlackElo "1515"]
[PlyCount "69"]
[EventDate "2016.10.28"]
[EventType "swiss"]
[EventRounds "9"]
[EventCountry "SWE"]
[SourceTitle "CBM 175 Extra"]
[Source "ChessBase"]
[SourceDate "2016.12.12"]
[SourceVersion "1"]
[SourceVersionDate "2016.12.12"]
[SourceQuality "1"]

1. d4 Nf6 2. c4 e6 3. Nf3 Bb4+ 4. Bd2 Bxd2+ 5. Nbxd2 d5 6. e3 0-0 7. Qc2 Nbd7 8. Rc1 c6 9. Bd3 Qa5 10. 0-0 b5 11. cxb5 cxb5 12. Nb3 Qa4 13. Nc5 Qxc2 14. Rxc2 a6 15. Rfc1 Nxc5 16. dxc5 Ra7 17. b4 Rd8 18. Ra1 Rc7 19. a4 Bd7 20. axb5 Bxb5 21. Bxb5 axb5 22. Ra5 Rb8 23. Nd4 Ne8 24. h3 h6 25. Rxb5 Rxb5 26. Nxb5 Rb7 27. Nd6 Nxd6 28. cxd6 Rd7 29. Rc6 f6 30. b5 Kf8 31. b6 e5 32. Rc8+ Kf7 33. Rc7 Ke6 34. Rxd7 Kxd7 35. b7 1-0

[Event "SWE-chT U16 final"]
[Site "Lund"]
[Date "2016.08.14"]
[Round "5.6"]
[White "Johansson, William"]
[Black "Mitra, Akash"]
[Result "0-1"]
[WhiteElo "1182"]
[BlackElo "1544"]
[PlyCount "50"]
[EventDate "2016.08.12"]
[EventType "team-tourn"]
[EventRounds "5"]
[EventCountry "SWE"]
[SourceTitle "EXT 2019"]
[Source "ChessBase"]
[SourceDate "2018.10.10"]
[SourceVersion "1"]
[SourceVersionDate "2018.10.10"]
[SourceQuality "1"]
[WhiteTeam "Lund"]
[BlackTeam "Upsala"]
[WhiteTeamCountry "SWE"]
[BlackTeamCountry "SWE"]

1. e4 c5 2. Nf3 d6 3. d4 cxd4 4. Nxd4 Nf6 5. Nc3 g6 6. Be2 Bg7 7. Be3 a6 8. Qd2 b5 9. Bf3 e5 10. Nb3 0-0 11. a3 Qc7 12. 0-0-0 Rd8 13. Be2 Be6 14. Na1 Nc6 15. Nd5 Bxd5 16. exd5 Ne7 17. f4 Nexd5 18. Bf3 Nxe3 19. Qxe3 Rac8 20. fxe5 dxe5 21. Rhe1 Qc4 22. Rxd8+ Rxd8 23. Qxe5 Qa2 24. b3 Bh6+ 25. Re3 Bxe3+ 0-1